España ha estado en su sitio : estado de derecho y nación como plenitud de acción democrática (1907-1936) /

Detalles Bibliográficos
Autor principal: San Miguel Pérez, Enrique (Autor)
Formato: Electrónico eBook
Lenguaje:español
Publicado: Madrid : Dykinson, S.L., [2024]
Materias:
Acceso en línea:Digitalia Hispánica

MARC

LEADER 00000nam a2200000 i 4500
001 DIGDYK3966
003 NyNyDIG
007 cr |||||||||||
008 250401s2024 sp ob 000 0 spa d
006 m o d
035 |a (OCoLC)1493368958 
040 |a DGITA  |b eng  |e rda  |e pn  |c DGITA 
020 |a 9788411221764  |q electrónico 
020 |z 9788410707177 
024 7 |a 10.14679/3429  |2 doi 
043 |a e-sp--- 
050 1 4 |a DP233.5 ebook 
100 1 |a San Miguel Pérez, Enrique,  |e author. 
245 1 0 |a España ha estado en su sitio :  |b estado de derecho y nación como plenitud de acción democrática (1907-1936) /  |c Enrique San Miguel Pérez. 
264 1 |a Madrid :  |b Dykinson, S.L.,  |c [2024] 
300 |a 1 online resource. 
336 |a text  |b txt  |2 rdacontent 
337 |a computer  |b c  |2 rdamedia 
338 |a online resource  |b cr  |2 rdacarrier 
347 |a text file  |2 rdaft 
347 |b PDF 
504 |a Includes bibliographical references. 
588 0 |a Online resource; title from PDF title page (Digitalia, viewed April 1, 2025) 
651 0 |a Spain  |x Intellectual life  |y 20th century. 
651 0 |a Spain  |x Politics and government  |y 20th century. 
791 2 |a Digitalia (Firm),  |e distributor. 
793 0 |g Digitalia eBook Collection:  |a Dykinson Editorial 
776 0 8 |i Print version:  |a San Miguel Pérez, Enrique.  |t España ha estado en su sitio.  |d Madrid : Dykinson, S.L., [2024]  |z 9788410707177 
856 4 0 |3 Digitalia Hispánica  |u https://www.digitaliapublishing.com/a/170833/ 
910 |a Premium collection: 2025